[Event "TUR-ch"]
[Site "Antalya"]
[Date "2013.02.07"]
[Round "8"]
[White "Yildirim, Mehmet Salih"]
[Black "Civi, Akin"]
[Result "1/2-1/2"]
[WhiteElo "1872"]
[BlackElo "1582"]
[PlyCount "90"]
[EventDate "2013.02.02"]
[EventType "swiss"]
[EventRounds "11"]
[EventCountry "TUR"]
[SourceTitle "CBM 152 Extra"]
[Source "ChessBase"]
[SourceDate "2013.02.25"]
[SourceVersion "1"]
[SourceVersionDate "2013.02.25"]
[SourceQuality "1"]

1. d4 Nf6 2. c4 c5 3. d5 b5 4. Nc3 bxc4 5. e4 d6 6. Bxc4 g6 7. Nf3 Bg7 8. 0-0 0-0 9. h3 Nbd7 10. Be3 Nb6 11. Bd3 Qc7 12. Qd2 Re8 13. Bf4 Bb7 14. Rfe1 a6 15. Rac1 Qd7 16. b3 e6 17. Bxd6 Qxd6 18. e5 Qd8 19. exf6 Bxf6 20. dxe6 Rxe6 21. Rxe6 fxe6 22. Qe3 Qe7 23. Be4 Nd5 24. Bxd5 exd5 25. Qd3 Kg7 26. Re1 Qd7 27. Ne4 Qc6 28. Nxf6 Qxf6 29. Qe3 Rc8 30. Ng5 d4 31. Qe7+ Qxe7 32. Rxe7+ Kf6 33. Rxb7 Kxg5 34. Rf7 h5 35. Kf1 Rc6 36. g3 Rf6 37. f4+ Kf5 38. Rc7 Ke4 39. Rxc5 Kf3 40. Rd5 Kxg3 41. Rxd4 Rxf4+ 42. Rxf4 Kxf4 43. Kf2 Ke4 44. b4 g5 45. a4 Kd5 1/2-1/2

[Event "TUR-ch"]
[Site "Kemer"]
[Date "2012.02.01"]
[Round "6"]
[White "Eremkere, Mehmet Halil"]
[Black "Yildirim, Mehmet Salih"]
[Result "1-0"]
[WhiteElo "1946"]
[BlackElo "1867"]
[PlyCount "149"]
[EventDate "2012.01.29"]
[EventType "swiss"]
[EventRounds "10"]
[EventCountry "TUR"]
[SourceTitle "CBM 146 Extra"]
[Source "ChessBase"]
[SourceDate "2012.02.29"]
[SourceVersion "1"]
[SourceVersionDate "2012.02.29"]
[SourceQuality "1"]

1. e4 e5 2. Nf3 Nc6 3. Bb5 a6 4. Ba4 b5 5. Bb3 Nf6 6. d3 Be7 7. Bg5 0-0 8. Nbd2 d6 9. c3 Na5 10. Bc2 c5 11. Nf1 Qc7 12. Ne3 Be6 13. 0-0 Rfe8 14. h3 Rad8 15. Re1 Nc6 16. Bb3 Qc8 17. Bh4 h6 18. Kh2 Nh7 19. Bd5 Bxh4 20. Nxh4 Ne7 21. g4 Bxd5 22. exd5 Ng5 23. c4 Ng6 24. Nxg6 fxg6 25. h4 Nh7 26. f3 Rf8 27. Ng2 Rf7 28. Re3 Rdf8 29. Kg3 h5 30. g5 Rf4 31. Qe2 Qf5 32. Rf1 Rd4 33. b3 bxc4 34. bxc4 Rb8 35. Re4 Nf8 36. f4 Nd7 37. Rf2 Re8 38. Rxd4 cxd4 39. fxe5 Qxe5+ 40. Qxe5 Nxe5 41. Rf4 Nxd3 42. Rxd4 Nb2 43. Kf3 Rc8 44. Ne3 Rc5 45. Ke2 Ra5 46. Rd2 Na4 47. Rc2 Nb6 48. Kd3 Nd7 49. Nd1 Kf7 50. Nc3 Ne5+ 51. Ke2 Nxc4 52. Ne4 Ne5 53. Nxd6+ Ke7 54. Nc8+ Kd7 55. d6 Ra3 56. Rc7+ Ke6 57. Re7+ Kd5 58. d7 Rxa2+ 59. Kd1 Nxd7 60. Rxd7+ Ke5 61. Ne7 a5 62. Nxg6+ Kf5 63. Nf8 a4 64. Rxg7 a3 65. Rf7+ Ke4 66. Kc1 Ra1+ 67. Kc2 Kd4 68. Kb3 Rh1 69. Kxa3 Rxh4 70. g6 Rh3+ 71. Kb4 h4 72. Rf4+ Ke5 73. Rg4 Kf5 74. Rg1 Rg3 75. Rxg3 1-0

[Event "TUR-ch"]
[Site "Kemer"]
[Date "2012.01.29"]
[Round "2"]
[White "Comez, Kemalcan"]
[Black "Yildirim, Mehmet Salih"]
[Result "1-0"]
[WhiteElo "2186"]
[BlackElo "1867"]
[PlyCount "69"]
[EventDate "2012.01.29"]
[EventType "swiss"]
[EventRounds "10"]
[EventCountry "TUR"]
[SourceTitle "CBM 146 Extra"]
[Source "ChessBase"]
[SourceDate "2012.02.29"]
[SourceVersion "1"]
[SourceVersionDate "2012.02.29"]
[SourceQuality "1"]

1. e4 e5 2. Nf3 Nc6 3. Nc3 Nf6 4. d4 exd4 5. Nxd4 Nxd4 6. Qxd4 d6 7. Bg5 Be7 8. 0-0-0 a6 9. e5 Ng4 10. Bxe7 Qxe7 11. exd6 cxd6 12. Qxg7 Qe5 13. Bb5+ Kd8 14. Rxd6+ Ke7 15. Qxe5+ Nxe5 16. Rd5 Ng4 17. Re1+ Be6 18. Bd7 Rhg8 19. Bxe6 fxe6 20. Rd2 Raf8 21. f3 Nf6 22. Rde2 Kd7 23. Na4 e5 24. Rd2+ Ke6 25. Nc5+ Kf5 26. Nxb7 Ne8 27. Rde2 Kf6 28. Rxe5 Nc7 29. g4 Rb8 30. Nc5 Rgd8 31. Rf5+ Kg6 32. Re7 Nd5 33. Re6+ Kg7 34. Ree5 Nc7 35. Re7+ 1-0

[Event "TUR-ch"]
[Site "Kemer"]
[Date "2011.02.10"]
[Round "7"]
[White "Alper, Metin"]
[Black "Yildirim, Mehmet Salih"]
[Result "1-0"]
[WhiteElo "2034"]
[BlackElo "1886"]
[PlyCount "85"]
[EventDate "2011.02.05"]
[EventType "swiss"]
[EventRounds "10"]
[EventCountry "TUR"]
[SourceTitle "CBM 140 Extra"]
[Source "ChessBase"]
[SourceDate "2011.03.01"]
[SourceVersion "1"]
[SourceVersionDate "2011.03.01"]
[SourceQuality "1"]

1. e4 e5 2. Nf3 Nc6 3. Bc4 Be7 4. d4 exd4 5. c3 Nf6 6. e5 Ne4 7. Bd5 Ng5 8. Nxg5 Bxg5 9. Qh5 Qe7 10. Qxg5 f6 11. Qh5+ g6 12. Qe2 d3 13. Qxd3 Nxe5 14. Qe3 Nd3+ 15. Kd1 Qxe3 16. Bxe3 Nxb2+ 17. Kc2 Na4 18. Bh6 c6 19. Bg7 cxd5 20. Bxh8 Kf7 21. Kb3 Nc5+ 22. Ka3 d6 23. Rd1 Be6 24. Bxf6 Kxf6 25. Nd2 Rc8 26. Nf3 Ne4 27. Nd4 Bd7 28. Rac1 Nxc3 29. Rd3 Nb5+ 30. Kb2 Rxc1 31. Kxc1 Nc7 32. Rf3+ Ke7 33. Kd2 a5 34. Re3+ Kf6 35. Rb3 b5 36. Rc3 Na6 37. Nc6 a4 38. Rf3+ Ke6 39. Nd4+ Ke5 40. Ke3 Bg4 41. Rf8 g5 42. f3 Bd7 43. g3 1-0

[Event "TUR-ch op"]
[Site "Antalya"]
[Date "2008.02.07"]
[Round "6.51"]
[White "Keskin, Cengiz"]
[Black "Yildirim, Mehmet Salih"]
[Result "0-1"]
[WhiteElo "1661"]
[BlackElo "1931"]
[PlyCount "76"]
[EventDate "2008.02.04"]
[EventType "swiss"]
[EventRounds "11"]
[EventCountry "TUR"]
[SourceTitle "CBM 122 Extra"]
[Source "ChessBase"]
[SourceDate "2008.03.04"]
[SourceVersion "1"]
[SourceVersionDate "2008.03.04"]
[SourceQuality "1"]

1. e4 e5 2. Nf3 Nc6 3. d4 exd4 4. Nxd4 Bc5 5. c3 Qf6 6. Be3 d6 7. f3 a6 8. Nc2 Bxe3 9. Nxe3 Nge7 10. Nd2 Be6 11. Nb3 Qf4 12. Kf2 Ne5 13. Nd4 0-0 14. Ne2 Qh4+ 15. g3 Qh6 16. Nf4 Kh8 17. b3 N7g6 18. Nfd5 c6 19. Nb6 Rad8 20. c4 f5 21. exf5 Bxf5 22. h3 Nxf3 23. Nxf5 Rxf5 24. Bd3 Rf6 25. Kg2 Qe3 26. Rf1 Nge5 27. Qe2 Qxb6 28. Be4 Rdf8 29. Rad1 Qc7 30. Rf2 Ng5 31. Rxf6 gxf6 32. Bf5 d5 33. Qh5 Rd8 34. h4 Ne4 35. cxd5 cxd5 36. Rc1 Qg7 37. g4 Nd6 38. Be6 d4 0-1

[Event "TUR-ch op"]
[Site "Antalya"]
[Date "2008.02.05"]
[Round "4.15"]
[White "Yagiz, Yasin Emrah"]
[Black "Yildirim, Mehmet Salih"]
[Result "1-0"]
[WhiteElo "2283"]
[BlackElo "1931"]
[PlyCount "117"]
[EventDate "2008.02.04"]
[EventType "swiss"]
[EventRounds "11"]
[EventCountry "TUR"]
[SourceTitle "CBM 122 Extra"]
[Source "ChessBase"]
[SourceDate "2008.03.04"]
[SourceVersion "1"]
[SourceVersionDate "2008.03.04"]
[SourceQuality "1"]

1. Nf3 Nf6 2. c4 c5 3. g3 Nc6 4. d4 cxd4 5. Nxd4 e5 6. Nb5 d6 7. Bg2 a6 8. N5c3 Be7 9. 0-0 0-0 10. Bg5 Ng4 11. Bxe7 Nxe7 12. Na3 Nf6 13. Qd2 Qc7 14. Rac1 Rb8 15. Rfd1 Rd8 16. b4 Be6 17. e4 Qd7 18. Nd5 Nexd5 19. cxd5 Bh3 20. Bxh3 Qxh3 21. f3 b5 22. Rc6 Ra8 23. Rdc1 Ne8 24. Nc2 Qd7 25. Ne3 g6 26. Kg2 Qe7 27. h4 h5 28. Nc2 Rd7 29. Na1 Kg7 30. Nb3 Rc7 31. Rxc7 Nxc7 32. Rc6 Ne8 33. Na5 Qd7 34. Qf2 Qd8 35. Qe3 Qb8 36. Kf2 Qd8 37. Qb6 Qxb6+ 38. Rxb6 Ra7 39. Rb8 Kf8 40. Nc6 Rd7 41. Ra8 Rb7 42. Ke3 f5 43. Kd3 Rf7 44. Ke2 fxe4 45. fxe4 Rc7 46. Rxa6 Rb7 47. Ra8 Rb6 48. Kd3 Rb7 49. a4 bxa4 50. Kc4 a3 51. Kb3 a2 52. Kxa2 Rf7 53. Rb8 Rf3 54. b5 Rf2+ 55. Ka3 Rf3+ 56. Ka4 Rf1 57. b6 Ra1+ 58. Kb5 Kf7 59. Rxe8 1-0